000 00296nam a22001337a 4500
008 180312b xxu||||| |||| 00| 0 eng d
020 _a9780810932326
041 _aeng
080 _a7
100 _a44
101 _aART
245 _aDawn of art: The chauvet cave
_cClottes,J
942 _2udc
_cBK
999 _c44757
_d44757